000 00252nam a22001217a 4500
008 171006b xxu||||| |||| 00| 0 eng d
041 _aeng
080 _a159.9
100 _a49
101 _aPSI
245 _aHEALTHY AGING
_cWEIL, A
942 _2udc
_cBK
999 _c32436
_d32436